000 00688nam a22001937a 4500
999 _c145782
_d145782
010 _a1718EN-30 B-688551-555 ENG-124494
020 _a9788184303872
_c250.00
035 _aB-688551-555 EN-108026
037 _bOcean Books
037 _bDBAD/PUB.06
082 _aS
100 _aSinha, Mridula
245 _aAt that very moment /
_cby Mridula Sinha
260 _aNew Delhi
_bOcean Books
_c2016
270 _a4/19 Asaf Ali Road
_bNew Delhi
_e110002
300 _a144p.
_c22cm(H.b)
942 _2ddc
_cEN
_mSIN
_hS